Improvement schemes for countryside woods (Record no. 71926)
[ view plain ]
| 000 -LEADER | |
|---|---|
| fixed length control field | 01067cam a2200217 4500 |
| 001 - CONTROL NUMBER | |
| control field | ABS66394 |
| 008 - FIXED-LENGTH DATA ELEMENTS--GENERAL INFORMATION | |
| fixed length control field | 030116n2003 000 0 eng u |
| 035 ## - SYSTEM CONTROL NUMBER | |
| System control number | (Sirsi) u121038 |
| 245 ## - TITLE STATEMENT | |
| Title | Improvement schemes for countryside woods |
| 260 ## - PUBLICATION, DISTRIBUTION, ETC. | |
| Date of publication, distribution, etc. | 2003 |
| 490 ## - SERIES STATEMENT | |
| Series statement | Farmers' Weekly |
| Volume/sequential designation | 138(2) 10 January 2003, 46(1) |
| 520 ## - SUMMARY, ETC. | |
| Summary, etc. | Presents a case study where arable farmers are working to improve the natural environment rather than just produce crops. Outlines the type of schemes undertaken by the Porters at Penn Croft Farms, Farnham, and shows a selection of farms around the UK that are farming in a more environmentally friendly way along with comments from the farmers. Working practices include hedge planting, pond creation and restoration, hedge laying, decreased use of pesticides and woodland regeneration. |
| 590 ## - LOCAL NOTE (RLIN) | |
| Local note | ABS |
| 650 ## - SUBJECT ADDED ENTRY--TOPICAL TERM | |
| Topical term or geographic name entry element | FARMING PRACTICES |
| 650 ## - SUBJECT ADDED ENTRY--TOPICAL TERM | |
| Topical term or geographic name entry element | ENVIRONMENTAL MANAGEMENT |
| 650 ## - SUBJECT ADDED ENTRY--TOPICAL TERM | |
| Topical term or geographic name entry element | COUNTRYSIDE STEWARDSHIP SCHEMES |
| 650 ## - SUBJECT ADDED ENTRY--TOPICAL TERM | |
| Topical term or geographic name entry element | FOOD PRODUCTION |
| 650 ## - SUBJECT ADDED ENTRY--TOPICAL TERM | |
| Topical term or geographic name entry element | WILDLIFE |
| 690 ## - LOCAL SUBJECT ADDED ENTRY--TOPICAL TERM (OCLC, RLIN) | |
| Topical term or geographic name as entry element | RURAL-NATURE CONSERVATION |
| 942 ## - ADDED ENTRY ELEMENTS (KOHA) | |
| Suppress in OPAC | 0 |
| Withdrawn status | Lost status | Source of classification or shelving scheme | Damaged status | Not for loan | Home library | Current library | Shelving location | Date acquired | Total Checkouts | Full call number | Barcode | Date last seen | Copy number | Price effective from | Koha item type |
|---|---|---|---|---|---|---|---|---|---|---|---|---|---|---|---|
| Dewey Decimal Classification | London | London | Journal article | 16/01/2003 | ABS66394 | 121038-1001 | 06/08/2019 | 1 | 06/08/2019 | Journal article |